<?xml version="1.0" encoding="UTF-8"?>
<collection xmlns="http://www.loc.gov/MARC21/slim">
<record>
  <controlfield tag="001">106801</controlfield>
  <controlfield tag="005">20210909132516.0</controlfield>
  <datafield tag="037" ind1=" " ind2=" ">
    <subfield code="a">TAZ-TFM-2021-215</subfield>
  </datafield>
  <datafield tag="041" ind1=" " ind2=" ">
    <subfield code="a">spa</subfield>
  </datafield>
  <datafield tag="100" ind1="1" ind2=" ">
    <subfield code="a">Cardo Gimeno, Esther</subfield>
  </datafield>
  <datafield tag="242" ind1="0" ind2="0">
    <subfield code="a">Quantitative risk assessment of Listeria monocytogenes associated with cheese consumption</subfield>
  </datafield>
  <datafield tag="245" ind1="0" ind2="0">
    <subfield code="a">Evaluación cuantitativa del riesgo de Listeria monocytogenes asociado al consumo de queso</subfield>
  </datafield>
  <datafield tag="260" ind1=" " ind2=" ">
    <subfield code="a">Zaragoza</subfield>
    <subfield code="b">Universidad de Zaragoza</subfield>
    <subfield code="c">2021</subfield>
  </datafield>
  <datafield tag="506" ind1=" " ind2=" ">
    <subfield code="a">by-nc-sa</subfield>
    <subfield code="b">Creative Commons</subfield>
    <subfield code="c">3.0</subfield>
    <subfield code="u">http://creativecommons.org/licenses/by-nc-sa/3.0/</subfield>
  </datafield>
  <datafield tag="520" ind1=" " ind2=" ">
    <subfield code="a">La listeriosis, causada por la bacteria Listeria monocytogenes, es una de las enfermedades de transmisión alimentaria más graves. A pesar de ser una enfermedad relativamente poco frecuente en comparación con otras zoonosis alimentarias, representa un gran problema de Salud Pública debido a sus elevadas tasas de hospitalización y mortalidad, especialmente entre los grupos de población más susceptibles como son ancianos, inmunodeprimidos, mujeres gestantes, sus fetos y recién nacidos. El carácter ubicuo de este patógeno, junto a las características de crecimiento y supervivencia en condiciones adversas, hacen que sea una preocupación constante en la industria alimentaria.  Los alimentos de mayor riesgo son los alimentos listos para el consumo (LPC), entre los que se incluyen productos lácteos como el queso y, en especial, los quesos frescos y de pasta blanda elaborados con leche cruda.&lt;br />El objetivo planteado en este estudio es realizar una evaluación cuantitativa del riesgo de listeriosis relacionado con el consumo de queso.&lt;br />Para ello, se ha llevado a cabo una descripción detallada de todas las fases que incluye una evaluación del riesgo: identificación del peligro, caracterización del peligro, evaluación de la exposición y caracterización del riesgo, mediante revisión bibliográfica en diferentes bases de datos científicas.  Finalmente, para la cuantificación del riesgo de listeriosis asociada al consumo de queso se ha utilizado el software MicroHibro®. Esta herramienta ha permitido estimar el riesgo de consumo de una porción de queso elaborado con leche cruda tanto en población susceptible como en población no susceptible.&lt;br />&lt;br /></subfield>
  </datafield>
  <datafield tag="521" ind1=" " ind2=" ">
    <subfield code="a">Máster Universitario en Calidad, Seguridad y Tecnología de los Alimentos</subfield>
  </datafield>
  <datafield tag="540" ind1=" " ind2=" ">
    <subfield code="a">Derechos regulados por licencia Creative Commons</subfield>
  </datafield>
  <datafield tag="700" ind1=" " ind2=" ">
    <subfield code="a">Rota García, Mª Carmen</subfield>
    <subfield code="e">dir.</subfield>
  </datafield>
  <datafield tag="710" ind1="2" ind2=" ">
    <subfield code="a">Universidad de Zaragoza</subfield>
    <subfield code="b">Producción Animal y Ciencia de los Alimentos</subfield>
    <subfield code="c">Nutrición y Bromatología</subfield>
  </datafield>
  <datafield tag="856" ind1="0" ind2=" ">
    <subfield code="f">728183@unizar.es</subfield>
  </datafield>
  <datafield tag="856" ind1="4" ind2=" ">
    <subfield code="s">994086</subfield>
    <subfield code="u">http://zaguan.unizar.es/record/106801/files/TAZ-TFM-2021-215.pdf</subfield>
    <subfield code="y">Memoria (spa)</subfield>
  </datafield>
  <datafield tag="909" ind1="C" ind2="O">
    <subfield code="o">oai:zaguan.unizar.es:106801</subfield>
    <subfield code="p">driver</subfield>
    <subfield code="p">trabajos-fin-master</subfield>
  </datafield>
  <datafield tag="950" ind1=" " ind2=" ">
    <subfield code="a"></subfield>
  </datafield>
  <datafield tag="980" ind1=" " ind2=" ">
    <subfield code="a">TAZ</subfield>
    <subfield code="b">TFM</subfield>
    <subfield code="c">VET</subfield>
  </datafield>
  <datafield tag="999" ind1=" " ind2=" ">
    <subfield code="a">20210617213026.CREATION_DATE</subfield>
  </datafield>
  <datafield tag="951" ind1=" " ind2=" ">
    <subfield code="a">deposita:2021-09-09</subfield>
  </datafield>
</record>
</collection>